| 000 | 01723cad a22002895a 4500 | ||
|---|---|---|---|
| 001 | E149807 | ||
| 008 | 100429e20100316xxk f l f000 0 eng d | ||
| 020 | _a9780117540989 | ||
| 035 | _a(Sirsi) u149807 | ||
| 041 | 0 | _aeng | |
| 110 | 1 |
_aUnited Kingdom _bDepartment for Communities and Local Government _94939 |
|
| 245 | 0 | 0 |
_aBuilding Act 1984, The Building Regulations 2000, The Building (Approved Inspectors etc) Regulations 2000 _h[electronic resource] |
| 260 |
_aLondon _bDCLG _c2010 |
||
| 490 | 0 |
_aDCLG Communities and Local Government Circular _v03/2010 |
|
| 520 | _aThe Building and Approved Inspectors (Amendment) Regulations 2010 (S.I. 2010/719) were made on 10 March 2010. This Circular sets out the resulting changes to the Building Regulations 2000, the Building (Approved Inspectors etc.) Regulations 2000, the Building and Approved Inspectors (Amendment) Regulations 2009 and the Building (Amendment No.2) Regulations 2009. Its also explains the transitional provisions, and highlights the approval and publication of an amended Approved Document, and further provisions for self-certification. | ||
| 521 | 2 | _aAdvanced | |
| 590 | _aKA NTK | ||
| 650 | 2 | 4 | _aBUILDING AND APPROVED INSPECTORS (AMENDMENT) REGULATIONS 2010 |
| 650 | 2 | 4 | _aBUILDING REGULATIONS 2000 |
| 650 | 2 | 4 | _aBUILDING (APPROVED INSPECTORS ETC.) REGULATIONS 2000 |
| 650 | 2 | 4 | _aBUILDING AND APPROVED INSPECTORS (AMENDMENT) REGULATIONS 2009 |
| 650 | 2 | 4 | _aBUILDING (AMENDMENT NO.2) REGULATIONS 2009 |
| 651 | 4 |
_aEngland _y886- |
|
| 690 |
_aBuilding regulations _96224 |
||
| 856 | 4 | 0 |
_uhttps://www.communities.gov.uk/publications/planningandbuilding/circular032010 _zView the circular free of charge at www.communities.gov.uk |
| 942 | _n0 | ||
| 999 |
_c110634 _d110634 |
||